| 000 | 01362cam a2200421 a 4500 | ||
|---|---|---|---|
| 999 |
_c23190 _d23190 |
||
| 001 | vtls011426489 | ||
| 005 | 20220421130918.0 | ||
| 008 | 181130s2015 xo g 000 e slo | ||
| 020 |
_a9788081113215 _q(viaz.) |
||
| 035 | _aurn:nbn:sk:snk-am00bbgb | ||
| 035 | _aurn:nbn:sk:snk-am3h8j0 | ||
| 035 | _aB4E9B320-D5B4-4479-93C2-EA68907514E5 | ||
| 040 |
_aZKSE _bslo _cZKSE _dSVKBB _dSNK _eAACR2 |
||
| 041 | 1 |
_aslo _heng |
|
| 044 |
_axo _cSK |
||
| 072 | 7 |
_a159.95 _xVyššie duševné procesy _2konspekt |
|
| 080 |
_a316.728 _22011 |
||
| 080 |
_a159.954 _22011 |
||
| 080 |
_a72/76 _22001 |
||
| 080 |
_a(0:82-4) _22001 |
||
| 100 | 1 |
_aGilbert, Elizabeth, _d1969- _92847 |
|
| 240 | 1 | 4 |
_aThe Big Magic _lSlovensky |
| 245 | 1 | 0 |
_aVeľké kúzlo _cElizabeth Gilbert ; [z anglického originálu preložila Mária Stanková] |
| 250 | _a1. vyd. | ||
| 260 |
_aV Bratislave _bNoxi _c2015 |
||
| 300 |
_a187 s. _c24 cm |
||
| 650 | 0 | 7 |
_aEveryday life _2SNKPHeng _91935 |
| 650 | 0 | 7 |
_aCreative ability _2SNKPHeng _92848 |
| 650 | 0 | 7 |
_akreativita _2SNKPH _92849 |
| 650 | 0 | 7 |
_akaždodenný život _2SNKPH _91933 |
| 650 | 0 | 7 |
_aumenie _2SNKPH _91934 |
| 650 | 0 | 7 |
_aArt _2SNKPHeng _91936 |
| 655 | 7 |
_aeseje _2SNKPH _92822 |
|
| 655 | 7 |
_aEssays _2SNKPHeng _91704 |
|
| 700 | 1 |
_aStanková, Mária _4trl _92850 |
|
| 958 | _aUP | ||